| 000 | 01080cam a22003137a 4500 | ||
|---|---|---|---|
| 003 | CHAP | ||
| 005 | 20220329134017.0 | ||
| 008 | 971013s r 00010 d | ||
| 010 | _a14061 | ||
| 011 | _a15033 | ||
| 035 | _a19107 | ||
| 040 | _cCHAP | ||
| 090 | _aR-2379 | ||
| 100 | 0 | 0 |
_aBeltrán, Enrique. _911476 |
| 245 | 1 | 3 | _aLa pesca en los litorales del Golfo y la necesidad de los estudios de biología marina para desarrollar esa fuente de riqueza |
| 500 | _aSobretiro de : Memorias de la Socidad Alzate 49 : 421-445, 1929 | ||
| 590 |
_aBATCH-UPD _b10 _c20130110 _lUCH01 _h0139 |
||
| 590 |
_aBATCH-UPD _b10 _c20130110 _lUCH01 _h1644 |
||
| 590 |
_aBATCH-UPD _b10 _c20130409 _lUCH01 _h2137 |
||
| 590 |
_aBATCH-UPD _b10 _c20130410 _lUCH01 _h1034 |
||
| 590 |
_aBATCH-UPD _b10 _c20130914 _lUCH01 _h0559 |
||
| 590 |
_aCONVERSION _b10 _c20130109 _lUCH01 _h1309 |
||
| 650 | 1 | 4 |
_aBiología marina. _912815 |
| 650 | 1 | 4 |
_aPiscicultura. _988531 |
| 710 | 0 |
_aSociedad Científica Antonio Alzate. _9108051 |
|
| 901 | _aBK | ||
| 942 | _cREIMP | ||
| 949 |
_aR-2379 _bBC _cR _d-44315 _eTS1 _i19107 _si |
||
| 999 |
_c14061 _d14061 |
||